[Event "Polfinal Mistrzostw Stowarzyszenia CROSS"]
[Site "Krynica Zdroj ul. Szkolna 7"]
[Date "2012.??.??"]
[Round "5.7"]
[White "Pawelec, Bartosz"]
[Black "Cebula, Jozef"]
[Result "0-1"]
[WhiteElo "2036"]
[BlackElo "1891"]
[PlyCount "80"]
[EventDate "2012.??.??"]

1. e4 c5 2. c3 Nc6 3. d4 cxd4 4. cxd4 e6 5. Nf3 d6 6. Nc3 Nf6 7. Bd3 a6 8. O-O
Be7 9. Re1 Qc7 10. a3 b5 11. Ne2 Bb7 12. b4 Rc8 13. Bb2 O-O 14. Rc1 d5 15. e5
Ne4 16. Nf4 Qb8 17. Bb1 a5 18. Qd3 Ba8 19. Nd2 axb4 20. f3 bxa3 21. Rxc6 Bxc6
22. fxe4 dxe4 23. Nxe4 Bxe4 24. Qxe4 g6 25. Bc1 b4 26. Nh5 Kh8 27. Nf6 Bxf6 28.
exf6 Qa7 29. Ba2 Qa4 30. Bh6 Rfe8 31. Rb1 Qc2 32. Qb7 Qxa2 33. Rxb4 Qa1+ 34.
Rb1 Qxd4+ 35. Kh1 a2 36. Bg7+ Kg8 37. Qxf7+ Kxf7 38. Rb7+ Kg8 39. f7+ Kxg7 40.
fxe8=Q+ Kh6 0-1

[Event "Polfinal Mistrzostw Stowarzyszenia CROSS"]
[Site "Krynica Zdroj ul. Szkolna 7"]
[Date "2012.??.??"]
[Round "5.8"]
[White "Sargalski, Andrzej"]
[Black "Staruch, Roman"]
[Result "1/2-1/2"]
[WhiteElo "1904"]
[BlackElo "1937"]
[PlyCount "47"]
[EventDate "2012.??.??"]

1. e4 d5 2. exd5 Nf6 3. d4 Nxd5 4. c4 Nb6 5. Nf3 g6 6. h3 Bg7 7. Nc3 O-O 8. Be3
Nc6 9. Qd2 e5 10. d5 Ne7 11. g4 f5 12. O-O-O e4 13. Ng5 h6 14. Ne6 Bxe6 15.
dxe6 Qxd2+ 16. Rxd2 Rad8 17. Nb5 Rxd2 18. Kxd2 Bxb2 19. Bxh6 Rd8+ 20. Kc2 Be5
21. gxf5 Nxf5 22. Be3 c6 23. Nc3 Bxc3 24. Kxc3 1/2-1/2

[Event "Polfinal Mistrzostw Stowarzyszenia CROSS"]
[Site "Krynica Zdroj ul. Szkolna 7"]
[Date "2012.??.??"]
[Round "5.9"]
[White "Niecko, Stanislaw"]
[Black "Traczyk, Tadeusz"]
[Result "0-1"]
[WhiteElo "1834"]
[BlackElo "1905"]
[PlyCount "78"]
[EventDate "2012.??.??"]

1. c4 e5 2. Nc3 Nf6 3. Nf3 Nc6 4. a3 h6 5. e4 a6 6. d4 exd4 7. Nxd4 Nxd4 8.
Qxd4 d6 9. Be2 Be7 10. O-O O-O 11. f4 b6 12. Nd5 Nxd5 13. cxd5 Bb7 14. b4 Bf6
15. e5 dxe5 16. fxe5 Be7 17. Qg4 Bg5 18. Bxg5 Qxg5 19. Qxg5 hxg5 20. Rac1 Bxd5
21. Rxc7 a5 22. Bf3 Bxf3 23. Rxf3 axb4 24. axb4 Ra4 25. Re3 Re8 26. Rf3 Rf8 27.
Rb3 Ra2 28. Rd3 Rb2 29. Rdd7 Rxb4 30. e6 Rb1+ 31. Kf2 fxe6+ 32. Kg3 Rb3+ 33.
Kg4 Rb4+ 34. Kh5 Rh4+ 35. Kg6 Rh6+ 36. Kxg5 Rf5+ 37. Kg4 Rg6+ 38. Kh4 Rxg2 39.
Kh3 Rff2 0-1

[Event "Polfinal Mistrzostw Stowarzyszenia CROSS"]
[Site "Krynica Zdroj ul. Szkolna 7"]
[Date "2012.??.??"]
[Round "5.10"]
[White "Mettel, Werner"]
[Black "Czajkowski, Adam"]
[Result "0-1"]
[WhiteElo "1905"]
[BlackElo "1867"]
[PlyCount "86"]
[EventDate "2012.??.??"]

1. e4 c5 2. Nc3 e6 3. f4 d5 4. Bb5+ Bd7 5. Bxd7+ Qxd7 6. exd5 exd5 7. d3 Nc6 8.
Nf3 O-O-O 9. O-O Nf6 10. Kh1 Bd6 11. a3 h6 12. Qe1 Rde8 13. Qf2 d4 14. Nb5 Bb8
15. a4 Ng4 16. Qh4 g5 17. Qh3 f5 18. Bd2 Ne3 19. Bxe3 Rxe3 20. Qh5 Bxf4 21. Qg6
Qe6 22. Qxe6+ Rxe6 23. g3 Be3 24. Rae1 Kd7 25. Na3 Rhe8 26. Nc4 f4 27. Kg2 g4
28. Nh4 f3+ 29. Nxf3 gxf3+ 30. Rxf3 Ne5 31. Nxe5+ Rxe5 32. Rf7+ R8e7 33. Ref1
Rxf7 34. Rxf7+ Re7 35. Rf5 Kd6 36. b3 Bc1 37. Kf1 Bd2 38. Rf2 Be3 39. Rf5 Re6
40. Rf7 Kc6 41. Rf5 Bg5 42. Kf2 Rf6 43. Rxf6+ Bxf6 0-1

[Event "Polfinal Mistrzostw Stowarzyszenia CROSS"]
[Site "Krynica Zdroj ul. Szkolna 7"]
[Date "2012.??.??"]
[Round "5.12"]
[White "Debowska, Teresa"]
[Black "Hagner, Pawel"]
[Result "0-1"]
[WhiteElo "1866"]
[BlackElo "1777"]
[PlyCount "68"]
[EventDate "2012.??.??"]

1. e4 g6 2. f4 Bg7 3. Nf3 d6 4. Bc4 Nf6 5. Nc3 O-O 6. O-O e6 7. f5 exf5 8. d3
Nc6 9. Qe1 Na5 10. Qh4 Nxc4 11. dxc4 Nxe4 12. Qxd8 Rxd8 13. Nxe4 fxe4 14. Ng5
f5 15. c3 Re8 16. Be3 b6 17. Bd4 Bh6 18. Be3 Bg7 19. Bd4 h6 20. Nh3 g5 21. Nf2
e3 22. Nd3 Bxd4 23. cxd4 Re4 24. Rfe1 f4 25. b3 Rxd4 26. Nb4 Rd2 27. Nd5 Bb7
28. Red1 Rxd1+ 29. Rxd1 Bxd5 30. Rxd5 Re8 31. Kf1 Re5 32. Rd4 Ra5 33. a4 Re5
34. Ke2 Kf7 0-1

[Event "Polfinal Mistrzostw Stowarzyszenia CROSS"]
[Site "Krynica Zdroj ul. Szkolna 7"]
[Date "2012.??.??"]
[Round "5.13"]
[White "Bzowski, Grzegorz"]
[Black "Barnowski, Sylwester"]
[Result "1-0"]
[WhiteElo "1658"]
[BlackElo "1843"]
[PlyCount "71"]
[EventDate "2012.??.??"]

1. d4 e6 2. c4 c5 3. Nf3 cxd4 4. Nxd4 Nc6 5. Nxc6 bxc6 6. Bf4 d5 7. e3 Bd6 8.
Bxd6 Qxd6 9. Be2 Nf6 10. O-O O-O 11. Nd2 Rb8 12. b3 Rd8 13. Rc1 e5 14. h3 Qb4
15. Nf3 Qe7 16. Qc2 Ba6 17. Qc3 Re8 18. Qa5 Qb7 19. Rfe1 Qb6 20. Qxb6 axb6 21.
cxd5 Bxe2 22. Rxe2 cxd5 23. Rc6 h6 24. Rec2 e4 25. Nd4 Rb7 26. Nf5 Rd8 27.
Nxh6+ gxh6 28. Rxf6 Kg7 29. Rcc6 Ra8 30. Rxh6 Rxa2 31. Rxb6 Rc7 32. Rhc6 Rca7
33. Rc1 R7a3 34. Rd6 Rxb3 35. Rxd5 Rbb2 36. Rf5 1-0

[Event "Polfinal Mistrzostw Stowarzyszenia CROSS"]
[Site "Krynica Zdroj ul. Szkolna 7"]
[Date "2012.??.??"]
[Round "5.15"]
[White "Sajdych, Wlodzimierz"]
[Black "Zaleski, Jan"]
[Result "1/2-1/2"]
[WhiteElo "1980"]
[BlackElo "1891"]
[PlyCount "36"]
[EventDate "2012.??.??"]

1. d4 f5 2. Nc3 d5 3. g3 Nf6 4. Bg2 e6 5. Nf3 Nbd7 6. Ne5 Bd6 7. Bf4 O-O 8. Nb5
Ne8 9. Nxd6 cxd6 10. Nd3 Ndf6 11. c3 Qb6 12. Qb3 Nd7 13. O-O h6 14. h4 Qxb3 15.
axb3 Nb6 16. Ra4 Nxa4 17. bxa4 Rf7 18. f3 Bd7 1/2-1/2

[Event "Polfinal Mistrzostw Stowarzyszenia CROSS"]
[Site "Krynica Zdroj ul. Szkolna 7"]
[Date "2012.??.??"]
[Round "6.2"]
[White "Kulpinski, Piotr"]
[Black "Ruszczycki, Jacek"]
[Result "0-1"]
[WhiteElo "1965"]
[BlackElo "1901"]
[PlyCount "66"]
[EventDate "2012.??.??"]

1. d4 d5 2. c4 e5 3. dxe5 d4 4. Nf3 Nc6 5. g3 Bg4 6. Bg2 Bc5 7. O-O Qd7 8. Nbd2
Nge7 9. Nb3 b6 10. Nxc5 bxc5 11. Ng5 Bf5 12. b3 Rd8 13. e4 Bg4 14. f3 Bh5 15.
Bh3 Nf5 16. exf5 Nxe5 17. g4 f6 18. Ne6 Bf7 19. Nxd8 Kxd8 20. f4 Nc6 21. Qf3 g6
22. Bg2 Ne7 23. Qa8+ Nc8 24. Bb7 Ke7 25. Re1+ Kd6 26. Bxc8 Rxc8 27. Qxa7 Qc6
28. Qa4 Qf3 29. Rf1 Qxg4+ 30. Kh1 Be8 31. Qa6+ Bc6+ 32. Qxc6+ Kxc6 33. fxg6 Re8
0-1

[Event "Polfinal Mistrzostw Stowarzyszenia CROSS"]
[Site "Krynica Zdroj ul. Szkolna 7"]
[Date "2012.??.??"]
[Round "6.3"]
[White "Falkowski, Dawid"]
[Black "Lipski, Tadeusz"]
[Result "1/2-1/2"]
[WhiteElo "2005"]
[BlackElo "2010"]
[PlyCount "21"]
[EventDate "2012.??.??"]

1. e4 e5 2. Nf3 Nc6 3. d4 exd4 4. Bc4 Nf6 5. O-O Be7 6. e5 Ng4 7. Bf4 d6 8.
exd6 Bxd6 9. Re1+ Kf8 10. Qd2 Bb4 11. c3 1/2-1/2

[Event "Polfinal Mistrzostw Stowarzyszenia CROSS"]
[Site "Krynica Zdroj ul. Szkolna 7"]
[Date "2012.??.??"]
[Round "6.4"]
[White "Cebula, Jozef"]
[Black "Stolarczyk, Anna"]
[Result "0-1"]
[WhiteElo "1891"]
[BlackElo "1999"]
[PlyCount "92"]
[EventDate "2012.??.??"]

1. e4 c5 2. Nc3 Nc6 3. Nf3 g6 4. Bc4 Bg7 5. Ng5 e6 6. Nf3 a6 7. a4 Nge7 8. Ne2
d5 9. exd5 exd5 10. Ba2 Bg4 11. Ng3 Nd4 12. h3 Bxf3 13. gxf3 Qd7 14. c3 Ndf5
15. Bb1 O-O 16. d3 Rfe8 17. Kf1 Qd6 18. f4 d4 19. c4 Nxg3+ 20. fxg3 Nf5 21. Qf3
Re7 22. Kg2 Rae8 23. h4 Re2+ 24. Kh3 Qd7 25. Rg1 Nh6+ 26. f5 Nxf5 27. Qf4 Nxg3+
28. Qg4 Qxg4+ 29. Kxg4 Nf5 30. b3 h5+ 31. Kh3 Bf6 32. Rf1 Re1 33. Rxe1 Rxe1 34.
Bd2 Re2 35. Ra2 Bxh4 36. Bf4 Rxa2 37. Bxa2 g5 38. Bc7 g4+ 39. Kh2 Be7 40. Kg2
h4 41. b4 cxb4 42. c5 Bxc5 43. Bf4 Bd6 44. Bd2 h3+ 45. Kh1 Ne3 46. Be1 g3 0-1

[Event "Polfinal Mistrzostw Stowarzyszenia CROSS"]
[Site "Krynica Zdroj ul. Szkolna 7"]
[Date "2012.??.??"]
[Round "6.6"]
[White "Czajkowski, Adam"]
[Black "Wojcieszyn, Zdzislaw"]
[Result "1-0"]
[WhiteElo "1867"]
[BlackElo "1967"]
[PlyCount "63"]
[EventDate "2012.??.??"]

1. e4 c5 2. Nf3 Nc6 3. d4 cxd4 4. Nxd4 e6 5. Nc3 Bb4 6. Ndb5 a6 7. Nd6+ Ke7 8.
Nxc8+ Rxc8 9. Bd2 Nf6 10. Bd3 d5 11. exd5 Nxd5 12. O-O Nxc3 13. bxc3 Ba5 14.
Qg4 Kf8 15. Bg5 Qb6 16. Rfd1 Qc5 17. c4 Ne5 18. Qg3 Nxd3 19. cxd3 Bc7 20. Bf4
Bxf4 21. Qxf4 e5 22. Qe4 Rc7 23. Rab1 Qe7 24. d4 exd4 25. Qxd4 Rc8 26. Qa7 Qc7
27. Rxb7 Qxc4 28. h3 Kg8 29. Rc7 Qe6 30. Rxc8+ Qxc8 31. Qxa6 Qe8 32. Qb6 1-0

[Event "Polfinal Mistrzostw Stowarzyszenia CROSS"]
[Site "Krynica Zdroj ul. Szkolna 7"]
[Date "2012.??.??"]
[Round "6.7"]
[White "Przewoznik, Emil"]
[Black "Sargalski, Andrzej"]
[Result "1/2-1/2"]
[WhiteElo "2012"]
[BlackElo "1904"]
[PlyCount "20"]
[EventDate "2012.??.??"]

1. Nf3 d5 2. c4 Nf6 3. cxd5 Nxd5 4. e4 Nb6 5. d4 Bg4 6. d5 e6 7. Bb5+ N8d7 8.
dxe6 Bxe6 9. O-O c6 10. Bg5 Be7 1/2-1/2

[Event "Polfinal Mistrzostw Stowarzyszenia CROSS"]
[Site "Krynica Zdroj ul. Szkolna 7"]
[Date "2012.??.??"]
[Round "6.8"]
[White "Hagner, Pawel"]
[Black "Gosek, Zenon"]
[Result "1-0"]
[WhiteElo "1777"]
[BlackElo "2089"]
[PlyCount "55"]
[EventDate "2012.??.??"]

1. d4 f5 2. Nf3 Nf6 3. Bf4 g6 4. e3 Bg7 5. c3 d6 6. Nbd2 c6 7. h3 O-O 8. Qb3+
Kh8 9. Bd3 Qe8 10. O-O Nbd7 11. Ng5 e5 12. dxe5 Nc5 13. exf6 Nxb3 14. fxg7+
Kxg7 15. Nxb3 Qe7 16. Nd4 h6 17. Ngf3 a6 18. Rad1 Rd8 19. Rfe1 c5 20. Ne2 Be6
21. a3 Rd7 22. c4 b5 23. cxb5 c4 24. Bc2 Rb8 25. Nc3 axb5 26. Nd4 b4 27. axb4
Rxb4 28. Nc6 1-0

[Event "Polfinal Mistrzostw Stowarzyszenia CROSS"]
[Site "Krynica Zdroj ul. Szkolna 7"]
[Date "2012.??.??"]
[Round "6.9"]
[White "Bzowski, Grzegorz"]
[Black "Wolanski, Michal"]
[Result "0-1"]
[WhiteElo "1658"]
[BlackElo "1961"]
[PlyCount "98"]
[EventDate "2012.??.??"]

1. d4 Nf6 2. c4 c5 3. d5 b5 4. b3 g6 5. Bb2 Bg7 6. e4 d6 7. Nd2 O-O 8. Bd3 bxc4
9. Nxc4 Nbd7 10. Ne2 Nb6 11. Qc2 Nxc4 12. Bxc4 Qa5+ 13. Bc3 Qc7 14. O-O Bb7 15.
f3 Rfe8 16. Rfd1 e6 17. Qb2 Qe7 18. dxe6 fxe6 19. e5 Nd5 20. exd6 Bxc3 21. Nxc3
Qg7 22. Na4 Qxb2 23. Nxb2 Red8 24. Nd3 Rac8 25. Rac1 Rxd6 26. Nf4 Kf7 27. Rd2
Rcd8 28. Nh3 Ke7 29. Ng5 Ne3 30. Rxd6 Rxd6 31. Bxe6 h6 32. Bc4 hxg5 33. Re1 Rd1
34. Rxd1 Nxd1 35. Bd3 Kf6 36. Kf1 Nc3 37. a3 Bd5 38. b4 cxb4 39. axb4 Bc6 40.
Ke1 Bb5 41. Bxb5 Nxb5 42. Kd2 Ke5 43. Kd3 Kd5 44. g3 Nd4 45. f4 gxf4 46. gxf4
Ne6 47. f5 gxf5 48. h4 a6 49. h5 Nf4+ 0-1

[Event "Polfinal Mistrzostw Stowarzyszenia CROSS"]
[Site "Krynica Zdroj ul. Szkolna 7"]
[Date "2012.??.??"]
[Round "6.10"]
[White "Staruch, Roman"]
[Black "Stankiewicz, Edward"]
[Result "1-0"]
[WhiteElo "1937"]
[BlackElo "1887"]
[PlyCount "83"]
[EventDate "2012.??.??"]

1. e4 c5 2. Nf3 Nc6 3. c3 d5 4. e5 Bf5 5. Be2 e6 6. O-O Bg6 7. d4 cxd4 8. cxd4
Nge7 9. Nc3 Nf5 10. Qa4 Be7 11. Rd1 O-O 12. Bf4 a6 13. Rd2 Qd7 14. a3 b5 15.
Qd1 Rfc8 16. g4 Nh4 17. Nxh4 Bxh4 18. Bd3 Na5 19. Bxg6 hxg6 20. Rd3 Be7 21. g5
Kf8 22. h4 Ke8 23. h5 gxh5 24. Qxh5 g6 25. Qh8+ Bf8 26. Kg2 Qe7 27. Rh1 Kd7 28.
Rh7 Kc6 29. Rf3 Ra7 30. Ne2 Kb6 31. Bd2 Nc6 32. Qg8 Nd8 33. Rf6 Qe8 34. Nf4 a5
35. Nxg6 fxg6 36. Rxf8 Qxf8 37. Qxf8 Rxh7 38. Qd6+ Nc6 39. Qxe6 Rcc7 40. Qxd5
Rcd7 41. Qc5+ Kb7 42. Qxb5+ 1-0

[Event "Polfinal Mistrzostw Stowarzyszenia CROSS"]
[Site "Krynica Zdroj ul. Szkolna 7"]
[Date "2012.??.??"]
[Round "6.12"]
[White "Niecko, Stanislaw"]
[Black "Olejnik, Bernard"]
[Result "1/2-1/2"]
[WhiteElo "1834"]
[BlackElo "1831"]
[PlyCount "73"]
[EventDate "2012.??.??"]

1. c4 c6 2. e4 Nf6 3. e5 Ne4 4. Nf3 d5 5. exd6 Nxd6 6. d4 Bg4 7. Be3 Nd7 8.
Nbd2 Nf5 9. Be2 Nxe3 10. fxe3 g6 11. O-O Bh6 12. Qb3 O-O 13. Rae1 Qc7 14. e4
Nf6 15. e5 Nh5 16. Ne4 Nf4 17. Bd1 Ne6 18. Qc3 Rad8 19. Nfg5 Bf5 20. Rxf5 gxf5
21. Nxe6 fxe6 22. Nc5 Qc8 23. Qh3 Bg7 24. Qh4 b6 25. Nd3 Rd7 26. Re3 Qd8 27.
Rg3 Rxd4 28. Qg5 Rg4 29. Bxg4 Qd4+ 30. Qe3 Qxe3+ 31. Rxe3 fxg4 32. Nb4 Rc8 33.
Nd3 h5 34. h3 Rd8 35. hxg4 hxg4 36. Nb4 c5 37. Nc6 1/2-1/2

[Event "Polfinal Mistrzostw Stowarzyszenia CROSS"]
[Site "Krynica Zdroj ul. Szkolna 7"]
[Date "2012.??.??"]
[Round "6.13"]
[White "Barnowski, Sylwester"]
[Black "Sajdych, Wlodzimierz"]
[Result "1/2-1/2"]
[WhiteElo "1843"]
[BlackElo "1980"]
[PlyCount "51"]
[EventDate "2012.??.??"]

1. f4 f5 2. Nf3 Nf6 3. e3 e6 4. b3 b6 5. Bb2 Bb7 6. Nc3 Be7 7. h3 d6 8. Bc4 d5
9. Bb5+ c6 10. Be2 Nbd7 11. Ng5 Nf8 12. Bh5+ g6 13. Be2 h6 14. Nf3 Rh7 15. d3
Qc7 16. Qd2 O-O-O 17. O-O-O N8d7 18. g4 Bd6 19. gxf5 exf5 20. Rhg1 Re8 21. Kb1
Rhe7 22. Bc1 a6 23. Rde1 d4 24. exd4 Bxf4 25. Qxf4 Qxf4 26. Bxf4 1/2-1/2

[Event "Polfinal Mistrzostw Stowarzyszenia CROSS"]
[Site "Krynica Zdroj ul. Szkolna 7"]
[Date "2012.??.??"]
[Round "6.14"]
[White "Rutkowski, Bogdan"]
[Black "Mettel, Werner"]
[Result "1/2-1/2"]
[WhiteElo "1794"]
[BlackElo "1905"]
[PlyCount "41"]
[EventDate "2012.??.??"]

1. e4 e5 2. Nf3 Nc6 3. d4 exd4 4. Nxd4 Qf6 5. Nxc6 Qxc6 6. Bd3 Be7 7. O-O d6 8.
Nc3 a6 9. Nd5 Be6 10. Nxe7 Nxe7 11. Re1 O-O-O 12. a4 Ng6 13. Be3 Rhe8 14. b4
Bc4 15. f3 Ne5 16. Be2 Bxe2 17. Qxe2 Qc4 18. Qxc4 Nxc4 19. Rad1 f6 20. Rd4 Nxe3
21. Rxe3 1/2-1/2

[Event "Polfinal Mistrzostw Stowarzyszenia CROSS"]
[Site "Krynica Zdroj ul. Szkolna 7"]
[Date "2012.??.??"]
[Round "6.15"]
[White "Rutkowski, Eugeniusz"]
[Black "Debowska, Teresa"]
[Result "1/2-1/2"]
[WhiteElo "1804"]
[BlackElo "1866"]
[PlyCount "60"]
[EventDate "2012.??.??"]

1. d4 c5 2. d5 e5 3. c4 d6 4. Nc3 f5 5. e4 Nf6 6. Bd3 f4 7. Nf3 Na6 8. a3 Nc7
9. b4 b6 10. Rb1 Nd7 11. Be2 Be7 12. h4 Nf6 13. Qa4+ Bd7 14. Qb3 Na6 15. b5 Nc7
16. a4 O-O 17. Qc2 Ng4 18. g3 fxg3 19. fxg3 h6 20. Nd1 Ne8 21. Rb3 Nef6 22. Nh2
Nxh2 23. Rxh2 Ng4 24. Rh1 Qe8 25. Bf3 a6 26. Qe2 h5 27. Ne3 Rxf3 28. Qxf3 Nxe3
29. Qxe3 axb5 30. axb5 Qg6 1/2-1/2

[Event "Polfinal Mistrzostw Stowarzyszenia CROSS"]
[Site "Krynica Zdroj ul. Szkolna 7"]
[Date "2012.??.??"]
[Round "7.2"]
[White "Lipski, Tadeusz"]
[Black "Zarow, Zdzislaw"]
[Result "1/2-1/2"]
[WhiteElo "2010"]
[BlackElo "1898"]
[PlyCount "28"]
[EventDate "2012.??.??"]

1. d4 Nf6 2. Nc3 d5 3. Bg5 Nbd7 4. Nf3 h6 5. Bh4 c6 6. e3 g5 7. Bg3 Bg7 8. h4
g4 9. Ne5 h5 10. Bd3 O-O 11. O-O Nxe5 12. Bxe5 Ne8 13. Bxg7 Nxg7 14. Ne2 e5
1/2-1/2

[Event "Polfinal Mistrzostw Stowarzyszenia CROSS"]
[Site "Krynica Zdroj ul. Szkolna 7"]
[Date "2012.??.??"]
[Round "7.4"]
[White "Czajkowski, Adam"]
[Black "Kulpinski, Piotr"]
[Result "1-0"]
[WhiteElo "1867"]
[BlackElo "1965"]
[PlyCount "61"]
[EventDate "2012.??.??"]

1. e4 d6 2. d4 Nf6 3. Nc3 e5 4. Nf3 Nbd7 5. Bc4 Be7 6. dxe5 dxe5 7. Bb3 c6 8.
O-O O-O 9. Qe2 Qc7 10. Be3 Nc5 11. Bxc5 Bxc5 12. Qc4 Bd6 13. Rad1 Be6 14. Qd3
Bxb3 15. axb3 Rad8 16. Nh4 Ba3 17. Qe3 Bxb2 18. Ne2 b6 19. Nf5 Ne8 20. Neg3 Nd6
21. Nxg7 Qe7 22. N7h5 Qe6 23. Qf3 f6 24. Rb1 Ba3 25. Ra1 Bc5 26. Rxa7 b5 27.
Rg7+ Kh8 28. Nf5 Nxf5 29. exf5 Qd5 30. Qg4 Qd4 31. Rxh7+ 1-0

[Event "Polfinal Mistrzostw Stowarzyszenia CROSS"]
[Site "Krynica Zdroj ul. Szkolna 7"]
[Date "2012.??.??"]
[Round "7.5"]
[White "Traczyk, Tadeusz"]
[Black "Przewoznik, Emil"]
[Result "1/2-1/2"]
[WhiteElo "1905"]
[BlackElo "2012"]
[PlyCount "26"]
[EventDate "2012.??.??"]

1. e4 c5 2. Nf3 e6 3. d4 cxd4 4. Nxd4 Nf6 5. Nc3 Bb4 6. e5 Ne4 7. Qg4 Nxc3 8.
Qxg7 Rf8 9. a3 Nb5+ 10. axb4 Nxd4 11. Bg5 Qb6 12. Bh6 Qxb4+ 13. c3 Nf5 1/2-1/2

[Event "Polfinal Mistrzostw Stowarzyszenia CROSS"]
[Site "Krynica Zdroj ul. Szkolna 7"]
[Date "2012.??.??"]
[Round "7.6"]
[White "Hagner, Pawel"]
[Black "Kowalczyk, Marian"]
[Result "1/2-1/2"]
[WhiteElo "1777"]
[BlackElo "1991"]
[PlyCount "37"]
[EventDate "2012.??.??"]

1. d4 c5 2. c3 e6 3. Nf3 d5 4. Bg5 Nf6 5. e3 Be7 6. Nbd2 O-O 7. Bd3 Nbd7 8. Ne5
cxd4 9. exd4 h6 10. h4 Re8 11. Qe2 Qb6 12. Bxf6 Nxf6 13. Ndf3 Bd7 14. O-O Bc6
15. Rfe1 Bd6 16. Qc2 Re7 17. Re2 Bb5 18. Qb3 Bxd3 19. Qxb6 1/2-1/2

[Event "Polfinal Mistrzostw Stowarzyszenia CROSS"]
[Site "Krynica Zdroj ul. Szkolna 7"]
[Date "2012.??.??"]
[Round "7.7"]
[White "Wolanski, Michal"]
[Black "Staruch, Roman"]
[Result "1-0"]
[WhiteElo "1961"]
[BlackElo "1937"]
[PlyCount "87"]
[EventDate "2012.??.??"]

1. c4 Nf6 2. Nc3 e6 3. Nf3 d5 4. e3 c5 5. d4 cxd4 6. exd4 Be7 7. b3 O-O 8. Be2
Qa5 9. Bd2 Bb4 10. Qc2 Nc6 11. O-O Bd7 12. a3 Bxc3 13. Bxc3 Qc7 14. Bd3 Rac8
15. c5 a6 16. b4 Ne7 17. a4 Ng6 18. b5 axb5 19. axb5 Ra8 20. g3 Ng4 21. h3 Nh6
22. Kg2 Rfc8 23. Ra2 Rcb8 24. Rfa1 Qc8 25. Rxa8 Rxa8 26. Rxa8 Qxa8 27. h4 Qc8
28. Bd2 Nf5 29. Be3 Nxe3+ 30. fxe3 Qa8 31. h5 Nf8 32. Ne5 Be8 33. c6 f6 34.
cxb7 Qxb7 35. Nc6 Bxh5 36. Qc5 Be8 37. Ne7+ Kf7 38. Nc8 Kg8 39. Nd6 Qb8 40.
Nxe8 Qxe8 41. b6 Nd7 42. Qc6 Kf8 43. Bb5 Ke7 44. b7 1-0

[Event "Polfinal Mistrzostw Stowarzyszenia CROSS"]
[Site "Krynica Zdroj ul. Szkolna 7"]
[Date "2012.??.??"]
[Round "7.8"]
[White "Pawelec, Bartosz"]
[Black "Wojcieszyn, Zdzislaw"]
[Result "0-1"]
[WhiteElo "2036"]
[BlackElo "1967"]
[PlyCount "94"]
[EventDate "2012.??.??"]

1. e4 c5 2. c3 Nf6 3. e5 Nd5 4. Nf3 Nc6 5. Bc4 Nb6 6. Bb3 d6 7. exd6 Qxd6 8. d4
cxd4 9. cxd4 Be6 10. Nc3 Bxb3 11. Qxb3 e6 12. O-O Qb4 13. Qc2 Be7 14. a3 Qa5
15. Be3 O-O 16. Qb3 Rfd8 17. Rfd1 Rd7 18. Ne2 Qd5 19. Qd3 Qc4 20. Nc3 Qxd3 21.
Rxd3 Rad8 22. Rad1 Bf6 23. Ne4 Be7 24. Nc3 Nd5 25. Ne2 Bd6 26. Nc1 Na5 27. Ne5
Rc7 28. b4 Nc4 29. Nxc4 Rxc4 30. Nb3 b6 31. Rc1 Rdc8 32. Rxc4 Rxc4 33. Kf1 Kf8
34. Nd2 Rc2 35. Ne4 Ke7 36. g3 f5 37. Bg5+ Kd7 38. Nxd6 Kxd6 39. Rd2 Rc3 40.
Re2 Rd3 41. Ra2 Rxd4 42. Ke2 Rc4 43. Bd2 Ke5 44. Kd3 b5 45. Rc2 Nb6 46. Rxc4
Nxc4 47. Bc1 a6 0-1

[Event "Polfinal Mistrzostw Stowarzyszenia CROSS"]
[Site "Krynica Zdroj ul. Szkolna 7"]
[Date "2012.??.??"]
[Round "7.9"]
[White "Sargalski, Andrzej"]
[Black "Cebula, Jozef"]
[Result "1/2-1/2"]
[WhiteElo "1904"]
[BlackElo "1891"]
[PlyCount "71"]
[EventDate "2012.??.??"]

1. e4 c5 2. Nf3 Nc6 3. d4 cxd4 4. Nxd4 Nf6 5. Nc3 a6 6. Be2 e6 7. a3 Be7 8. O-O
b5 9. Be3 Qc7 10. f4 d6 11. Bf3 Bb7 12. Qe2 Rc8 13. Rad1 Nxd4 14. Bxd4 e5 15.
Be3 O-O 16. Rd2 Qc4 17. Qxc4 Rxc4 18. Be2 Nxe4 19. Bxc4 Nxd2 20. Bxf7+ Rxf7 21.
Bxd2 e4 22. Be3 h5 23. Rd1 Rf5 24. Ne2 g6 25. c3 Kf7 26. g3 Rd5 27. Nd4 g5 28.
Rf1 g4 29. Kf2 h4 30. Rh1 Rh5 31. Kg2 d5 32. Rd1 hxg3 33. hxg3 Rh3 34. Nf5 Ke6
35. Nxe7 Kxe7 36. Rf1 1/2-1/2

[Event "Polfinal Mistrzostw Stowarzyszenia CROSS"]
[Site "Krynica Zdroj ul. Szkolna 7"]
[Date "2012.??.??"]
[Round "7.10"]
[White "Gosek, Zenon"]
[Black "Niecko, Stanislaw"]
[Result "1-0"]
[WhiteElo "2089"]
[BlackElo "1834"]
[PlyCount "85"]
[EventDate "2012.??.??"]

1. Nf3 Nf6 2. c4 c5 3. Nc3 Nc6 4. g3 g6 5. Bg2 Bg7 6. O-O O-O 7. d3 d6 8. Bg5
h6 9. Bd2 Bd7 10. Qc1 Kh7 11. a3 Qc8 12. Rb1 Bh3 13. b4 Bxg2 14. Kxg2 b6 15. b5
Nd4 16. Nxd4 cxd4 17. Nd1 Qb7+ 18. Kg1 Rfc8 19. e4 dxe3 20. Nxe3 d5 21. Qe1
dxc4 22. dxc4 Ne4 23. Qe2 Nxd2 24. Qxd2 Rd8 25. Qe2 Qe4 26. Rbd1 Bd4 27. Rd3 e6
28. Rfd1 f5 29. R1d2 f4 30. gxf4 Qxf4 31. Qg4 Qxg4+ 32. Nxg4 h5 33. Rxd4 Rxd4
34. Rxd4 hxg4 35. Rd6 e5 36. a4 Kg7 37. Re6 Rc8 38. Rc6 Rf8 39. Rc7+ Rf7 40.
Rxf7+ Kxf7 41. c5 bxc5 42. a5 c4 43. Kf1 1-0

[Event "Polfinal Mistrzostw Stowarzyszenia CROSS"]
[Site "Krynica Zdroj ul. Szkolna 7"]
[Date "2012.??.??"]
[Round "7.11"]
[White "Stankiewicz, Edward"]
[Black "Bzowski, Grzegorz"]
[Result "1-0"]
[WhiteElo "1887"]
[BlackElo "1658"]
[PlyCount "53"]
[EventDate "2012.??.??"]

1. e4 d5 2. exd5 Qxd5 3. Nc3 Qa5 4. d4 e6 5. Nf3 Nf6 6. Be2 c6 7. O-O Be7 8.
Ne5 O-O 9. Be3 Nbd7 10. Nc4 Qc7 11. Qd2 Nd5 12. Nxd5 exd5 13. Bf4 Qd8 14. Nd6
Nf6 15. Nxc8 Rxc8 16. Bd3 Re8 17. c3 Ne4 18. Qc2 Bg5 19. Bxg5 Qxg5 20. Rae1 Nf6
21. f3 g6 22. Qf2 Nh5 23. h4 Qf4 24. Rxe8+ Rxe8 25. Re1 Rxe1+ 26. Qxe1 Qe3+ 27.
Qxe3 1-0

[Event "Polfinal Mistrzostw Stowarzyszenia CROSS"]
[Site "Krynica Zdroj ul. Szkolna 7"]
[Date "2012.??.??"]
[Round "7.12"]
[White "Debowska, Teresa"]
[Black "Olejnik, Bernard"]
[Result "0-1"]
[WhiteElo "1866"]
[BlackElo "1831"]
[PlyCount "34"]
[EventDate "2012.??.??"]

1. e4 e5 2. d4 exd4 3. Qxd4 Qf6 4. Qe3 Nc6 5. Nc3 Bb4 6. Bd2 Nge7 7. O-O-O O-O
8. f4 d6 9. h3 Bd7 10. g4 Qd4 11. Qf3 Qb6 12. Nge2 a5 13. Na4 Bxd2+ 14. Rxd2
Nd4 15. Qe3 Nxc2 16. Rxc2 Bxa4 17. b3 Qxe3+ 0-1

[Event "Polfinal Mistrzostw Stowarzyszenia CROSS"]
[Site "Krynica Zdroj ul. Szkolna 7"]
[Date "2012.??.??"]
[Round "7.14"]
[White "Zaleski, Jan"]
[Black "Mettel, Werner"]
[Result "0-1"]
[WhiteElo "1891"]
[BlackElo "1905"]
[PlyCount "94"]
[EventDate "2012.??.??"]

1. b3 e5 2. Bb2 Nc6 3. e3 Nf6 4. c4 Be7 5. Be2 O-O 6. Nf3 d6 7. O-O Bg4 8. h3
Bf5 9. d3 e4 10. Nd4 Nxd4 11. exd4 exd3 12. Bxd3 Bxd3 13. Qxd3 d5 14. Nd2 c6
15. Rad1 Re8 16. Nf3 Qc7 17. Bc1 h6 18. Rfe1 Qa5 19. Qc2 Rad8 20. Bd2 Qc7 21.
c5 Ne4 22. Qc1 Bf6 23. Bf4 Qa5 24. a3 Rd7 25. b4 Qd8 26. Qc2 Rde7 27. Kf1 Re6
28. Ne5 Bxe5 29. Bxe5 f6 30. Bf4 Qd7 31. Qc1 Qf7 32. f3 Ng5 33. Bxg5 hxg5 34.
Rxe6 Rxe6 35. Re1 Kf8 36. Rxe6 Qxe6 37. Qe1 Qf5 38. Qg3 Qd3+ 39. Ke1 Qe3+ 40.
Kf1 Qd3+ 41. Ke1 Qb1+ 42. Ke2 Qb2+ 43. Ke1 Qc3+ 44. Ke2 Qxd4 45. Qd6+ Kg8 46.
Qe6+ Kh7 47. Qf5+ Kh6 0-1